| 000 | 00449 a2200145 4500 | ||
|---|---|---|---|
| 003 | OSt | ||
| 005 | 20260310130304.0 | ||
| 008 | 260310b |||||||| |||| 00| 0 eng d | ||
| 040 | _coclc | ||
| 082 |
_a894.8129 _bKAD/B |
||
| 245 |
_aBahadur / _cEdited by Abdurahiman Kadappur, Hussain K H |
||
| 260 |
_aKudungallur: _bBahadur Memorial Trust, _c2025. |
||
| 300 | _a209 pages | ||
| 942 |
_2ddc _cBK _h894.8129 _iKAD/B _k894.8129 _mKAD/B |
||
| 999 |
_c44715 _d44715 |
||